[Event "RUS-ch Boys U21 2021"]
[Site "Loo"]
[Date "2021.04.21"]
[Round "1.1"]
[White "Vetokhin, Savva"]
[Black "Lobanov, Sergei"]
[Result "1/2-1/2"]
[WhiteElo "2261"]
[BlackElo "2520"]
[Annotator "TA"]
[PlyCount "104"]
[EventDate "2021.04.21"]
[EventType "swiss"]
[EventCountry "RUS"]
[SourceTitle "playchess.com"]
[Source "ChessBase"]
[SourceQuality "1"]

{[%evp 9,104,17,18,18,27,7,35,32,40,35,34,22,36,27,37,31,65,54,90,52,54,58,54,58,55,39,50,16,24,10,25,-29,-20,-24,-33,-20,-27,-27,-27,-23,-19,-16,-24,-22,-20,-27,0,-37,-52,-95,-94,-89,-96,-87,-88,-102,-100,-92,-53,-56,-58,-60,-56,-54,-62,-119,-127,-135,0,-23,0,-142,-67,-56,-66,-62,-66,-68,-67,-58,-27,-47,-48,-31,-34,-99,-101,-85,-56,-56,-33,-46,-46,-56,-22,-39,-7]} 1. e4 c6 2. d4 d5 3. e5 Bf5 4. Nd2 e6 5. Nb3 Ne7 6. Nf3 {B12: Caro-Kann: Advance Variation.} h6 7. Be2 Bh7 8. O-O {White is slightly better.} Nf5 9. a4 {[%cal Ba2a4,Ba4a5][%mdl 32]} Nd7 10. a5 a6 11. c4 dxc4 12. Bxc4 {[#]} Bb4 $146 ({Predecessor:} 12... Ne7 13. Qe2 Nd5 14. Nfd2 Nb4 15. Ne4 b5 16. axb6 Nxb6 17. f3 Nxc4 18. Qxc4 Qd5 {0-1 (48) Stukopin,A (2586)-Nyzhnyk,I (2610) Saint Louis 2017}) 13. Bd2 Qe7 14. Qe1 Bxd2 15. Qxd2 O-O 16. Qc3 Rfd8 17. Rfe1 Qf8 18. Nfd2 Ne7 19. Qb4 Rab8 20. Rac1 (20. Bf1 $142) 20... c5 $11 21. dxc5 Nc6 $1 {[%csl LRb4,LRe5][%mdl 64] Double Attack} 22. Qc3 Nxc5 23. Nxc5 Qxc5 24. Nb3 Qb4 25. Qxb4 Nxb4 26. Nc5 Bd3 27. h3 Rd4 28. Bxd3 Nxd3 29. Rcd1 Rbd8 30. Re4 Rxe4 31. Nxe4 $17 {[%mdl 4096] Endgame KRN-KRN} Rd7 $1 32. b4 Kf8 33. f4 {Threatens to win with Nf2.} Ke7 34. Nd6 Nxf4 {Hoping for ...Ng6.} 35. Rf1 Ne2+ 36. Kh2 f6 37. Nc8+ (37. exf6+ $1 $15 gxf6 38. Ne4) 37... Kf7 $1 38. Nd6+ Ke7 ({Better is} 38... Kg8 $1 $17 39. Rf2 Nd4) 39. Nc8+ $11 Kf7 (39... Kd8 $11 40. Nb6 Rf7) 40. Nd6+ $1 $17 {[#]} Kg6 ({Black should try} 40... Kg8 $1 $17 41. Ne4 fxe5) 41. exf6 $15 gxf6 ({Avoid the trap} 41... Rxd6 $2 42. f7 $18) 42. Ne4 f5 43. Nc5 Re7 44. Rd1 Nc3 45. Rd6 Kf6 46. Nd7+ Kf7 47. Ne5+ {[#]} (47. Nc5 $15) 47... Kg7 $1 $17 48. g4 fxg4 49. hxg4 Kf6 50. Nd3 Kg5 51. Rd4 Nd5 (51... e5 $5 {[%cal Re5d4]} 52. Rc4 Nb5 $17) 52. Kg3 h5 {Weighted Error Value: White=0.09/Black=0.15} 1/2-1/2

[Event "RUS-ch Boys U21 2021"]
[Site "Loo"]
[Date "2021.04.21"]
[Round "1.2"]
[White "Nesterov, Arseniy"]
[Black "Zhafyarov, Adel"]
[Result "1/2-1/2"]
[WhiteElo "2482"]
[BlackElo "2252"]
[Annotator "TA"]
[PlyCount "81"]
[EventDate "2021.04.21"]
[EventType "swiss"]
[EventCountry "RUS"]
[SourceTitle "playchess.com"]
[Source "ChessBase"]
[SourceQuality "1"]

{[%evp 17,81,0,0,14,10,2,12,11,26,10,18,18,25,33,16,20,22,22,41,14,26,32,46,10,38,6,22,28,26,18,15,23,39,27,31,16,10,20,34,23,21,21,21,4,33,37,28,45,27,36,47,0,0,0,0,0,0,0,0,0,0,0,0,0,0,0]} 1. e4 e5 2. Nf3 Nf6 3. d4 Nxe4 4. Bd3 d5 5. Nxe5 Nd7 6. Nxd7 Bxd7 7. O-O Bd6 8. Nc3 Nxc3 9. bxc3 O-O 10. Qh5 {[%csl Gd3][%cal Rh5h7] [#] C43: Petroff Defence: 3 d4.} f5 11. Re1 {11.Rb1 is not played anymore.} Qf6 12. Qf3 c6 13. Bf4 Rae8 14. c4 dxc4 15. Bxc4+ Kh8 16. c3 b5 17. Bf1 {[#]} a5 $146 ({Predecessor:} 17... Re4 18. Bxd6 Rxe1 19. Rxe1 Qxd6 20. c4 bxc4 21. Qe3 Qd5 22. Qc3 c5 23. dxc5 Qxc5 24. Qxc4 {½-½ (24) Krivic,D (2522)-Berlinger,G (2498) ICCF email 2009}) 18. Qg3 {[#] And now Rxe8 would win.} Bxf4 19. Qxf4 Re4 20. Qd2 (20. Qc7 $5 {[%cal Rc7d7]} Qe6 21. Red1 $14) 20... b4 21. Rad1 Qd6 22. Rxe4 fxe4 23. cxb4 axb4 24. Bc4 Ra8 25. Re1 Bf5 26. h3 h6 27. Bb3 Rd8 28. Rc1 Be6 29. Bxe6 Qxe6 $11 {[%mdl 4096] Endgame KQR-KQR} 30. Rc5 Ra8 31. Qxb4 e3 32. fxe3 Qxe3+ 33. Kh1 Qf2 34. a3 Qf1+ {The position is equal.} 35. Kh2 Qf4+ 36. Kh1 Qf1+ 37. Kh2 Qf4+ 38. Kh1 Qf1+ 39. Kh2 Qf4+ 40. Kh1 Qf1+ 41. Kh2 {Weighted Error Value: White=0.10/Black=0.08} 1/2-1/2

[Event "RUS-ch Boys U21 2021"]
[Site "Loo"]
[Date "2021.04.21"]
[Round "1.3"]
[White "Golikov, Daniil"]
[Black "Murzin, Volodar"]
[Result "0-1"]
[WhiteElo "2250"]
[BlackElo "2478"]
[Annotator "ChessBase"]
[PlyCount "70"]
[EventDate "2021.04.21"]
[EventType "swiss"]
[EventCountry "RUS"]
[SourceTitle "playchess.com"]
[Source "ChessBase"]
[SourceQuality "1"]
[TimeControl "40/5400+30:1800+30"]

1. d4 {[%emt 0:00:00]} Nf6 {[%emt 0:00:00]} 2. c4 {[%emt 0:00:00]} g6 {[%emt 0:00:00]} 3. Nc3 {[%emt 0:00:00]} d6 {[%emt 0:00:01]} 4. e4 {[%emt 0:00:06]} Bg7 {[%emt 0:00:06]} 5. Be2 {[%emt 0:00:04]} O-O {[%emt 0:00:56]} 6. Bg5 {[%emt 0:00:05]} h6 {[%emt 0:08:50]} 7. Be3 {[%emt 0:00:04]} e5 {[%emt 0:03:02]} 8. d5 {[%emt 0:00:56]} Na6 {[%emt 0:00:54]} 9. Qd2 {[%emt 0:00:36]} Nc5 {[%emt 0:06:55]} 10. f3 {[%emt 0:00:08]} a5 {[%emt 0:00:27]} 11. O-O-O {[%emt 0:02:56]} h5 {[%emt 0:02:42]} 12. h4 {[%emt 0:00:25]} a4 {[%emt 0:03:54]} 13. Nh3 {[%emt 0:02:46]} Bd7 {[%emt 0:04:19]} 14. Kb1 {[%emt 0:01:23]} c6 {[%emt 0:08:37]} 15. dxc6 {[%emt 0:05:27]} bxc6 {[%emt 0:00:09]} 16. Qxd6 {[%emt 0:05:05]} Ne6 {[%emt 0:00:22]} 17. f4 {[%emt 0:30:22]} Qa5 {[%emt 0:11:26]} 18. fxe5 {[%emt 0:20:40]} Rfb8 {[%emt 0:00:18]} 19. Bd2 {[%emt 0:02:45]} Bf8 {[%emt 0:25:35]} 20. Nd5 {[%emt 0:06:06]} Nxe4 {[%emt 0:05:35]} 21. Nf6+ {[%emt 0:00:55]} Nxf6 {[%emt 0:00:17]} 22. Qxb8 {[%emt 0:02:34]} Qa6 {[%emt 0:01:06]} 23. c5 {[%emt 0:00:31]} Qxe2 {[%emt 0:11:06]} 24. Qxa8 {[%emt 0:00:01]} Nd4 {[%emt 0:00:15]} 25. Rc1 {[%emt 0:02:52]} Qxd2 {[%emt 0:01:51]} 26. exf6 {[%emt 0:00:53]} Bf5+ {[%emt 0:01:24]} 27. Ka1 {[%emt 0:00:02]} Nc2+ {[%emt 0:00:04]} 28. Rxc2 {[%emt 0:00:05]} Bxc2 {[%emt 0:00:04]} 29. a3 {[%emt 0:13:48]} Bd1 {[%emt 0:02:54]} 30. Kb1 {[%emt 0:00:57]} Bc2+ {[%emt 0:00:54]} 31. Ka1 {[%emt 0:00:01]} Qxg2 {[%emt 0:00:41]} 32. Rc1 {[%emt 0:00:21]} Qd2 {[%emt 0:00:09]} 33. Rh1 {[%emt 0:03:04]} Bd1 {[%emt 0:00:37]} 34. Kb1 {[%emt 0:00:12]} Qc2+ {[%emt 0:00:41]} 35. Ka2 {[%emt 0:00:05]} Qc4+ {[%emt 0:00:04]} 0-1

[Event "RUS-ch Boys U21 2021"]
[Site "Loo"]
[Date "2021.04.21"]
[Round "1.4"]
[White "Makarian, Rudik"]
[Black "Akhtariev, Andrey"]
[Result "1-0"]
[WhiteElo "2468"]
[BlackElo "2190"]
[Annotator "TA"]
[PlyCount "193"]
[EventDate "2021.04.21"]
[EventType "swiss"]
[EventCountry "RUS"]
[SourceTitle "playchess.com"]
[Source "ChessBase"]
[SourceQuality "1"]

{[%evp 10,193,38,35,44,39,56,40,53,32,25,26,33,14,27,22,43,45,66,67,85,81,83,62,71,78,141,98,119,109,158,168,178,153,157,92,417,403,355,195,212,186,232,196,192,83,414,0,274,209,237,225,245,245,236,200,218,208,245,252,232,245,289,267,272,262,270,272,565,553,416,384,377,377,377,377,377,377,2989,387,387,387,385,365,377,295,295,282,269,284,284,284,284,284,295,295,295,295,295,269,276,216,231,202,231,231,231,231,231,231,327,327,331,331,331,331,904,331,331,331,29959,29958,29956,29961,29951,29950,29952,29947,29939,0,29948,29949,29952,29950,29954,29958,29956,29958,29960,29961,29960,29960,29960,29961,29959,29959,29959,29960,29961,29963,29963,29964,29968,29970,29970,29971,29973,29969,29968,29970,29970,29971,29971,29972,29975,29976,29975,29967,29967,29967,29971,29973,29973,29974,29974,29975,29974,29973,29973,29974,29971,29972,29982,29983,29985,29986]} 1. d4 Nf6 2. c4 e6 3. g3 Bb4+ 4. Bd2 Qe7 5. Bg2 Nc6 6. e3 O-O {E00: Catalan Bogo-Indian (3 g3 Bb4+).} 7. Ne2 e5 {With the idea ...exd4.} 8. d5 Nb8 {White is slightly better.} 9. O-O a5 10. a3 Bxd2 11. Nxd2 d6 12. Nc3 {[#]} Bd7 $146 ({Predecessor:} 12... Bf5 13. e4 Bg4 14. f3 Bd7 15. b4 Na6 16. Qb3 Rfb8 17. Ra2 Qd8 18. Rfa1 c6 {½-½ (65) Vaisser,A (2533)-Bauer,C (2638) Mulhouse 2011}) 13. b4 axb4 14. axb4 Rxa1 15. Qxa1 Na6 16. Qa3 h5 17. Nb3 Ne8 (17... Bc8 $142) 18. c5 dxc5 19. bxc5 f5 20. Ra1 Bc8 21. Nb5 f4 22. Na7 Qd8 {[%mdl 8192]} (22... fxg3 $16 23. fxg3 (23. Nxc8 gxf2+ 24. Kh1 Qd7 $11) 23... Bg4) 23. exf4 $18 exf4 24. Na5 (24. Nxc8 $142 Qxc8 25. Nd4) 24... fxg3 25. fxg3 h4 26. Nxc8 Qxc8 27. d6 (27. gxh4 $6 Qg4 $16) (27. c6 $18 b6 28. Nb7) 27... Qf5 $2 {[%mdl 8192]} (27... cxd6 $16 {is a better chance.} 28. c6 (28. Bxb7 Qxc5+ 29. Qxc5 Nxc5 $15) (28. Nxb7 Nxc5 29. Qa2+ Kh7 $11) (28. cxd6 Qc5+ 29. Qxc5 Nxc5 $16) 28... b6) 28. Rf1 $2 (28. Nxb7 $18 Nxc5 29. Qa2+ Kh7 30. dxc7 Nxb7 31. Be4 $1 {[%mdl 576] Deflection, Promotion} Qxe4 32. c8=Q) 28... Qe6 {[%mdl 8192]} (28... Qxc5+ $11 {and Black is okay.} 29. Qxc5 Rxf1+ 30. Kxf1 Nxc5) 29. Rd1 (29. gxh4 Rxf1+ 30. Bxf1 Qg4+ 31. Qg3 Qd4+ 32. Kg2 Qe4+ 33. Qf3 Qxf3+ 34. Kxf3 Nxc5 $11) 29... Nf6 30. Nxb7 Kh8 31. gxh4 (31. Qxa6 Qe3+ 32. Kh1 Ng4 $19) 31... cxd6 32. cxd6 ({Avoid the trap} 32. Qxa6 $2 Qe3+ 33. Kh1 Ng4 $19) 32... Nb8 {[#]} 33. Nc5 $1 {[%cal Rc5e6]} Qg4 34. Qf3 Qc4 35. Qf5 Rd8 36. Ne6 Re8 37. Nf4 Nbd7 38. Kh1 {Bd5 is the strong threat.} Qa4 $2 (38... Kg8 {was necessary.}) 39. Ng6+ Kg8 40. Bd5+ Nxd5 41. Qxd5+ Kh7 42. Qh5+ Kg8 43. Ne7+ {[%mdl 64] Discovered Attack} Kf8 $2 (43... Rxe7 44. dxe7 Qe4+ 45. Kg1 Qxe7 46. Qd5+ {[%mdl 64] Double Attack} Kf8 47. Qa8+ (47. Qxd7 Qe3+ 48. Kh1 Qe4+ 49. Kg1 Qe3+ 50. Kf1 Qf3+ 51. Kg1 Qe3+ $11) 47... Kf7) 44. Rf1+ $2 (44. Qd5 {[%csl Ge7][%cal Rd5g8]} Rxe7 45. dxe7+ {[%mdl 64] Discovered Attack} Kxe7 46. Qd6+ Kf7 47. Qxd7+ Qxd7 48. Rxd7+ Kg6 49. Kg2) 44... Nf6 45. Qd5 {[%csl Ge7][%cal Rd5g8]} Rxe7 46. dxe7+ Kxe7 {[%mdl 4096] Endgame KQR-KQN} 47. Re1+ Kf8 48. Qd8+ Kf7 {intending ...Qc6+.} 49. Re7+ Kg6 50. Qd3+ Kh6 51. Qg3 Qc6+ 52. Kg1 Qc1+ 53. Re1 Qc6 54. Qe3+ Kh7 55. h3 Qb5 56. Kh2 Qb2+ 57. Re2 Qb5 58. Rg2 Qb7 59. Qe5 Qf7 (59... Qd7 $142 60. Rf2 Kh8) 60. Qf5+ Kh6 61. Kh1 g6 62. Qe5 Kh7 $2 (62... Nh5 63. Qh8+ Qh7 64. Qxh7+ Kxh7) 63. Kh2 $2 (63. Rf2 Qd5+ 64. Qxd5 Nxd5 65. Kg2) 63... Nh5 64. Rc2 {White threatens Rc7! and mate.} Ng7 $2 {[#]} (64... Kh6 $18 65. Qh8+ Qh7) 65. h5 $1 {[%cal Rh5g6]} gxh5 66. Qe4+ Nf5 67. Rf2 Kg6 68. Rg2+ Kh6 69. Rf2 Kg6 $1 70. Qe5 {White mates.} Qd7 71. Rc2 Ng7 72. Qe4+ Nf5 73. Qc6+ Qxc6 74. Rxc6+ {KR-KN} Kg5 75. Ra6 Kf4 76. Kg2 Ne3+ 77. Kf2 Nd1+ 78. Ke1 Ne3 79. Ke2 Nf5 80. Kf2 Ng3 81. Ra4+ Ne4+ 82. Ke2 Kf5 83. Kf3 Ng5+ 84. Kg3 Ne4+ 85. Kh4 Nf6 86. Ra5+ Kf4 87. Ra1 Kf5 88. Rf1+ Kg6 89. Kg3 Kg5 90. h4+ Kg6 91. Kf4 Nd5+ 92. Ke5 Ne3 93. Rf6+ Kg7 94. Ra6 Ng2 95. Ra4 Kg6 96. Re4 Kh6 97. Kf6 {Weighted Error Value: White=0.38/Black=0.45} 1-0

[Event "RUS-ch Boys U21 2021"]
[Site "Loo"]
[Date "2021.04.21"]
[Round "1.5"]
[White "Makovich, Andrey"]
[Black "Shubin, Kirill"]
[Result "1/2-1/2"]
[WhiteElo "2171"]
[BlackElo "2466"]
[Annotator "ChessBase"]
[PlyCount "83"]
[EventDate "2021.04.21"]
[EventType "swiss"]
[EventCountry "RUS"]
[SourceTitle "playchess.com"]
[Source "ChessBase"]
[SourceQuality "1"]
[TimeControl "40/5400+30:1800+30"]

1. d4 {[%emt 0:00:00]} e6 {[%emt 0:00:00]} 2. Nf3 {[%emt 0:00:00]} Nf6 {[%emt 0:00:00]} 3. Bf4 {[%emt 0:00:00]} b6 {[%emt 0:00:00]} 4. e3 {[%emt 0:00:00]} Bb7 {[%emt 0:00:01]} 5. Nbd2 {[%emt 0:00:00]} d6 {[%emt 0:00:07]} 6. h3 {[%emt 0:00:10]} Nbd7 {[%emt 0:00:06]} 7. Be2 {[%emt 0:01:45]} h6 {[%emt 0:01:25]} 8. Bh2 {[%emt 0:01:04]} g5 {[%emt 0:00:12]} 9. c4 {[%emt 0:00:20]} Rg8 {[%emt 0:02:18]} 10. Qb3 {[%emt 0:00:39]} Bg7 {[%emt 0:05:34]} 11. O-O-O {[%emt 0:01:23]} Qe7 {[%emt 0:00:11]} 12. Qa3 {[%emt 0:05:55]} a5 {[%emt 0:07:32]} 13. Kb1 {[%emt 0:00:33]} a4 {[%emt 0:02:23]} 14. Rc1 {[%emt 0:00:54]} c5 {[%emt 0:08:26]} 15. Bd3 {[%emt 0:12:20]} Bh8 {[%emt 0:05:20]} 16. Bc2 {[%emt 0:00:38]} Kf8 {[%emt 0:06:54]} 17. e4 {[%emt 0:03:55]} Nh5 {[%emt 0:05:16]} 18. d5 {[%emt 0:09:37]} Nf4 {[%emt 0:01:43]} 19. h4 {[%emt 0:08:35]} Qf6 {[%emt 0:04:55]} 20. hxg5 {[%emt 0:00:22]} hxg5 {[%emt 0:00:06]} 21. Rce1 {[%emt 0:09:59]} g4 {[%emt 0:04:41]} 22. e5 {[%emt 0:05:51]} dxe5 {[%emt 0:01:07]} 23. Ne4 {[%emt 0:08:02]} Qe7 {[%emt 0:00:06]} 24. Bxf4 {[%emt 0:01:16]} exf4 {[%emt 0:01:23]} 25. Nfg5 {[%emt 0:00:10]} Bd4 {[%emt 0:03:57]} 26. Nxf7 {[%emt 0:02:46]} Kxf7 {[%emt 0:03:41]} 27. Rh7+ {[%emt 0:02:54]} Rg7 {[%emt 0:00:06]} 28. dxe6+ {[%emt 0:00:06]} Kg8 {[%emt 0:03:09]} 29. Rxg7+ {[%emt 0:01:36]} Qxg7 {[%emt 0:00:43]} 30. exd7 {[%emt 0:00:06]} Qxd7 {[%emt 0:00:12]} 31. Qd3 {[%emt 0:00:48]} Qe7 {[%emt 0:03:05]} 32. Qd1 {[%emt 0:02:27]} a3 {[%emt 0:06:21]} 33. Qxg4+ {[%emt 0:00:22]} Bg7 {[%emt 0:00:04]} 34. Re2 {[%emt 0:01:25]} f3 {[%emt 0:05:52]} 35. gxf3 {[%emt 0:00:53]} Qe5 {[%emt 0:03:45]} 36. Nc3 {[%emt 0:00:21]} Qf6 {[%emt 0:01:37]} 37. Qe6+ {[%emt 0:06:55]} Qxe6 {[%emt 0:00:04]} 38. Rxe6 {[%emt 0:00:02]} Bxf3 {[%emt 0:01:14]} 39. Bg6 {[%emt 0:02:14]} Bd4 {[%emt 0:03:02]} 40. Re8+ {[%emt 0:00:00]} Rxe8 {[%emt 0:00:00]} 41. Bxe8 {[%emt 0:00:35]} Bxc3 {[%emt 0:04:23]} 42. bxc3 1/2-1/2

[Event "RUS-ch Boys U21 2021"]
[Site "Loo"]
[Date "2021.04.21"]
[Round "1.6"]
[White "Pogosyan, Stefan"]
[Black "Shemyakin, Valeriy"]
[Result "1-0"]
[WhiteElo "2444"]
[BlackElo "2168"]
[Annotator "TA"]
[PlyCount "59"]
[EventDate "2021.04.21"]
[EventType "swiss"]
[EventCountry "RUS"]
[SourceTitle "playchess.com"]
[Source "ChessBase"]
[SourceQuality "1"]

{[%evp 26,59,45,38,71,80,66,64,67,72,76,78,90,88,137,105,109,107,151,139,150,111,118,93,130,127,130,131,256,223,233,224,362,364,350,348]} 1. c4 Nc6 2. Nc3 e5 3. g3 g6 4. Bg2 Bg7 5. Nf3 f5 6. O-O Nf6 7. d3 O-O 8. Rb1 a5 9. a3 d6 10. b4 axb4 11. axb4 h6 12. b5 Ne7 13. Qb3 Kh8 14. c5 e4 {A26: English Opening vs King's Indian with ...Nc6 and d3.} 15. cxd6 cxd6 16. dxe4 fxe4 {White is slightly better.} 17. Nd4 {[#]} Nf5 $146 ({Predecessor:} 17... d5 18. Ba3 Re8 19. Rbd1 Nf5 20. Bb2 Nxd4 21. Rxd4 Be6 22. Rfd1 Qe7 23. Qc2 Rac8 {0-1 (48) Becker,M (2405)-Balcerak,J (2250) Germany 1996}) 18. Nxf5 gxf5 19. Rd1 Re8 20. Bf4 Be6 21. Qb4 d5 22. b6 Qe7 23. Qxe7 Rxe7 24. Be5 Rd7 25. Nb5 $1 {[%cal Bc3b5,Bb5c7,Bc7d5,Bd5e3][%mdl 32] Nc7 is the strong threat.} Ne8 {[#]} 26. Bf4 {And now Nc7 would win.} Ra2 {[#]} (26... Rad8 $16) 27. Nc7 $1 $18 {[%cal Rc7e6]} Bf7 28. Bh3 Nd6 (28... Rxe2 $142 29. Bxf5 Rd8) 29. Nxd5 Nc4 30. Ne3 {Weighted Error Value: White=0.05/Black=0.36} 1-0

[Event "RUS-ch Boys U21 2021"]
[Site "Loo"]
[Date "2021.04.21"]
[Round "1.7"]
[White "Sidorov, Dmitry I"]
[Black "Dudin, Gleb"]
[Result "0-1"]
[WhiteElo "2139"]
[BlackElo "2418"]
[Annotator "ChessBase"]
[PlyCount "76"]
[EventDate "2021.04.21"]
[EventType "swiss"]
[EventCountry "RUS"]
[SourceTitle "playchess.com"]
[Source "ChessBase"]
[SourceQuality "1"]
[TimeControl "40/5400+30:1800+30"]

1. c4 {[%emt 0:00:00]} e5 {[%emt 0:02:08]} 2. Nc3 {[%emt 0:00:00]} Bb4 {[%emt 0:00:13]} 3. g3 {[%emt 0:02:17]} Bxc3 {[%emt 0:00:11]} 4. bxc3 {[%emt 0:00:34]} Nc6 {[%emt 0:00:49]} 5. Bg2 {[%emt 0:00:14]} d6 {[%emt 0:00:23]} 6. d3 {[%emt 0:00:30]} f5 {[%emt 0:00:45]} 7. Nh3 {[%emt 0:05:23]} Nf6 {[%emt 0:02:47]} 8. O-O {[%emt 0:00:23]} O-O {[%emt 0:01:33]} 9. Rb1 {[%emt 0:01:58]} Qe8 {[%emt 0:07:38]} 10. c5 {[%emt 0:13:41]} dxc5 {[%emt 0:53:41]} 11. Rxb7 {[%emt 0:05:22]} Bxb7 {[%emt 0:09:11]} 12. Qb3+ {[%emt 0:00:04]} Kh8 {[%emt 0:02:56]} 13. Qxb7 {[%emt 0:00:19]} e4 {[%emt 0:00:04]} 14. Ba3 {[%emt 0:02:58]} Qd7 {[%emt 0:05:07]} 15. Bxc5 {[%emt 0:09:33]} Rfb8 {[%emt 0:00:09]} 16. Qa6 {[%emt 0:00:26]} Rb2 {[%emt 0:04:35]} 17. dxe4 {[%emt 0:07:45]} Nxe4 {[%emt 0:01:31]} 18. Be3 {[%emt 0:00:48]} Re8 {[%emt 0:01:39]} 19. Nf4 {[%emt 0:10:55]} Ne5 {[%emt 0:01:18]} 20. Bd4 {[%emt 0:01:52]} Qc6 {[%emt 0:01:01]} 21. Qa5 {[%emt 0:09:00]} Rb5 {[%emt 0:00:11]} 22. Qa4 {[%emt 0:02:55]} Rb1 {[%emt 0:00:27]} 23. Qa5 {[%emt 0:01:42]} Rb5 {[%emt 0:01:40]} 24. Qa4 {[%emt 0:00:07]} Rb6 {[%emt 0:01:29]} 25. Qc2 {[%emt 0:04:44]} Rbb8 {[%emt 0:00:11]} 26. f3 {[%emt 0:02:27]} Nd6 {[%emt 0:00:23]} 27. Bxa7 {[%emt 0:04:50]} Ra8 {[%emt 0:00:43]} 28. Bd4 {[%emt 0:01:03]} Qc4 {[%emt 0:00:07]} 29. Ra1 {[%emt 0:11:28]} Nc6 {[%emt 0:00:32]} 30. Bf2 {[%emt 0:00:37]} Ra3 {[%emt 0:00:24]} 31. e4 {[%emt 0:00:55]} Rxc3 {[%emt 0:00:40]} 32. Qd1 {[%emt 0:00:19]} fxe4 {[%emt 0:00:37]} 33. fxe4 {[%emt 0:00:44]} Nxe4 {[%emt 0:00:23]} 34. Be1 {[%emt 0:00:30]} Qc5+ {[%emt 0:00:45]} 35. Kh1 {[%emt 0:00:19]} Re3 {[%emt 0:00:17]} 36. Rc1 {[%emt 0:00:45]} Rxe1+ {[%emt 0:00:19]} 37. Qxe1 {[%emt 0:00:18]} Nf2+ {[%emt 0:00:07]} 38. Qxf2 {[%emt 0:00:12]} Qxf2 {[%emt 0:00:29]} 0-1

[Event "RUS-ch Boys U21 2021"]
[Site "Loo"]
[Date "2021.04.21"]
[Round "1.8"]
[White "Obgolts, Erik"]
[Black "Kyshtymov, Daniil"]
[Result "1-0"]
[WhiteElo "2414"]
[BlackElo "2137"]
[Annotator "ChessBase"]
[PlyCount "109"]
[EventDate "2021.04.21"]
[EventType "swiss"]
[EventCountry "RUS"]
[SourceTitle "playchess.com"]
[Source "ChessBase"]
[SourceQuality "1"]
[TimeControl "40/5400+30:1800+30"]

1. d4 {[%emt 0:00:00]} Nf6 {[%emt 0:00:00]} 2. Nf3 {[%emt 0:00:00]} g6 {[%emt 0:00:00]} 3. g3 {[%emt 0:00:00]} Bg7 {[%emt 0:00:00]} 4. Bg2 {[%emt 0:00:03]} O-O {[%emt 0:00:03]} 5. O-O {[%emt 0:00:18]} d6 {[%emt 0:00:07]} 6. c4 {[%emt 0:00:07]} Nc6 {[%emt 0:00:33]} 7. Nc3 {[%emt 0:00:06]} Bg4 {[%emt 0:00:26]} 8. d5 {[%emt 0:00:33]} Na5 {[%emt 0:00:09]} 9. Qd3 {[%emt 0:00:14]} c5 {[%emt 0:29:06]} 10. h3 {[%emt 0:00:14]} Bd7 {[%emt 0:01:23]} 11. e4 {[%emt 0:00:17]} e5 {[%emt 0:03:29]} 12. dxe6 {[%emt 0:00:33]} Bxe6 {[%emt 0:00:08]} 13. b3 {[%emt 0:00:10]} a6 {[%emt 0:13:22]} 14. Ng5 {[%emt 0:10:46]} Bd7 {[%emt 0:16:03]} 15. Be3 {[%emt 0:14:48]} Bc6 {[%emt 0:07:54]} 16. Rad1 {[%emt 0:04:00]} h6 {[%emt 0:11:13]} 17. Nf3 {[%emt 0:00:16]} Re8 {[%emt 0:00:45]} 18. Nd2 {[%emt 0:03:13]} Rb8 {[%emt 0:03:20]} 19. a3 {[%emt 0:05:36]} b5 {[%emt 0:07:10]} 20. b4 {[%emt 0:13:21]} Nxc4 {[%emt 0:00:39]} 21. Nxc4 {[%emt 0:00:11]} bxc4 {[%emt 0:00:03]} 22. Qxc4 {[%emt 0:00:06]} Bb5 {[%emt 0:00:47]} 23. Nxb5 {[%emt 0:00:08]} axb5 {[%emt 0:00:04]} 24. Qd3 {[%emt 0:05:39]} Qe7 {[%emt 0:03:40]} 25. bxc5 {[%emt 0:08:58]} dxc5 {[%emt 0:00:12]} 26. e5 {[%emt 0:00:09]} Nh7 {[%emt 0:00:57]} 27. Bc6 {[%emt 0:03:40]} Red8 {[%emt 0:01:01]} 28. Qc2 {[%emt 0:00:23]} c4 {[%emt 0:00:53]} 29. Rxd8+ {[%emt 0:00:17]} Qxd8 {[%emt 0:00:31]} 30. e6 {[%emt 0:02:13]} Qf6 {[%emt 0:00:29]} 31. exf7+ {[%emt 0:01:23]} Qxf7 {[%emt 0:00:08]} 32. Be4 {[%emt 0:01:18]} Nf8 {[%emt 0:00:22]} 33. Rd1 {[%emt 0:00:10]} Qf6 {[%emt 0:01:01]} 34. a4 {[%emt 0:01:46]} bxa4 {[%emt 0:00:30]} 35. Qxc4+ {[%emt 0:00:09]} Kh7 {[%emt 0:00:07]} 36. Qxa4 {[%emt 0:00:07]} Rd8 {[%emt 0:00:49]} 37. Rb1 {[%emt 0:00:28]} Qe6 {[%emt 0:00:27]} 38. h4 {[%emt 0:00:20]} Qg4 {[%emt 0:00:37]} 39. Qc2 {[%emt 0:02:17]} Re8 {[%emt 0:00:28]} 40. Rb4 {[%emt 0:00:00]} Kh8 {[%emt 0:00:00]} 41. Rc4 {[%emt 0:01:01]} Rd8 {[%emt 0:07:04]} 42. Kg2 {[%emt 0:00:34]} Qe6 {[%emt 0:09:10]} 43. Bf3 {[%emt 0:02:53]} Qf6 {[%emt 0:02:00]} 44. Rg4 {[%emt 0:02:36]} Qe6 {[%emt 0:06:41]} 45. Re4 {[%emt 0:00:58]} Qf6 {[%emt 0:00:20]} 46. Qc4 {[%emt 0:01:28]} Qd6 {[%emt 0:02:19]} 47. Qc1 {[%emt 0:03:02]} Kh7 {[%emt 0:00:30]} 48. Rc4 {[%emt 0:00:20]} Nd7 {[%emt 0:02:38]} 49. Rc6 {[%emt 0:00:49]} Qf8 {[%emt 0:00:13]} 50. Rc7 {[%emt 0:02:57]} Ne5 {[%emt 0:04:08]} 51. Be4 {[%emt 0:00:15]} h5 {[%emt 0:00:59]} 52. Qc2 {[%emt 0:01:38]} Qd6 {[%emt 0:00:29]} 53. Bf4 {[%emt 0:01:03]} Re8 {[%emt 0:00:32]} 54. Rc6 {[%emt 0:00:55]} Qf8 {[%emt 0:00:30]} 55. Bxe5 {[%emt 0:00:33]} 1-0